00338nam a2200121Ia 4500008004100000082001700041100001900058245005700077260003100134300001000165500001300175650002800188120629s9999 xx 000 0 und d a658.15 S594a aSimons, León aEl arte de la dirección financiera / León Simons aMéxico : Logos consorcio a184 p aÍndice a1. EMPRESAS-FINANZASÌ